Loading...

തണല്‍പ്പെയ്ത്ത് /

Bibliographic Details
Main Author: സാലി, സബീന എം
Other Authors: Sali, Sabeena M.
Format: Printed Book
Language:English
Published: കണ്ണൂര്‍ : കൈരളി ബുക്സ്, 2018.
Edition:1st ed.
Subjects:
LEADER 00756nam a22001937a 4500
008 190401b xxu||||| |||| 00| 0 eng d
999 |c 26172  |d 26172 
020 |a 9789388087391 
082 |a 894.13  |b SAL 
100 |a  സാലി, സബീന എം. 
240 |a Thanalppeythu 
245 |a തണല്‍പ്പെയ്ത്ത് /  |c സബീന എം. സാലി 
250 |a 1st ed. 
260 |a കണ്ണൂര്‍ :  |b കൈരളി ബുക്സ്,  |c 2018. 
300 |a 208p. 
650 |a നോവല്‍ 
700 |a Sali, Sabeena M. 
942 |2 ddc  |c BK 
952 |0 0  |1 0  |2 ddc  |4 0  |6 894_130000000000000_SAL  |7 0  |9 35848  |a MAIN  |b MAIN  |d 2019-04-01  |e Progress Publications  |g 220.00  |l 1  |o 894.13 SAL  |p 34737  |r 2019-04-29  |s 2019-04-25  |t 1  |w 2019-04-01  |y BK